Oscar Wilde / (رقم التسجيلة. 19637)

تفاصيل مارك
000 -الفاتح
حقل البيانات ثابتة الطول 01099 am a2200301ua 4500
001 - رقم الضبط
رقم الضبط 011943054
003 - محدد رقم الضبط
رقم الضبط OSt
005 - وقت وتاريخ اخر تعامل مع التسجيلة
رقم الضبط 20150408113957.0
008 - عناصر البيانات ثابتة الطول - معلومات عامة
حقل البيانات ثابتة الطول 111213s2009 enk ||b 001 |beng
010 ## - رقم ضبط مكتبة الكونجرس
رقم ضبط مكتبة الكونجرس 2002038160
015 ## - رقم الببليوجرافية الوطنية
رقم الببليوجرافية الوطنية GBA380700
المصدر bnb
020 ## - الرقم الدولى المعيارى للكتب
الرقم الدولى المعيارى للكتاب 9780199555215
040 ## - مصدر الفهرسة
وكالة الفهرسة الأصلية DLC
وكالة النسخ DLC
وكالة التعديل Uk
082 04 - رقم تصنيف ديوى العشرى
رقم التصنيف 828.809 S J O
رقم الطبعة 21
100 1# - المدخل الرئيسى - إسم شخصى
الإسم الشخصى Sloan, John,
التواريخ المصاحبة للاسم 1948-
9 (RLIN) 7669
245 10 - بيان العنوان
العنوان Oscar Wilde /
بيان المسئوليه,etc John Sloan.
260 ## - PUBLICATION, DISTRIBUTION, ETC. (IMPRINT)
مكان الناشر او الموزع New York, N.Y. :
اسم الناشر او الموزع Oxford University Press,
تاريخ النشر أو التوزيع 2009
300 ## - الوصف المادى
التعداد xii, 225 p. ;
أبعاد الوعاء 20 cm.
490 1# - بيان السلسلة
عنوان السلسلة Oxford world's classics. Authors in context
504 ## - تبصرة ببليوجرافية
تبصرة ببليوجرافية,الخ Includes bibliographical references (p. [204]-213) and index.
600 14 - المدخل الاضافى بالموضوع-اسم شخصى
الإسم الشخصى Wilde, Oscar,
التواريخ المصاحبة للاسم 1854-1900.
9 (RLIN) 7667
600 14 - المدخل الاضافى بالموضوع-اسم شخصى
الإسم الشخصى Wilde, Oscar,
التواريخ المصاحبة للاسم 1854-1900
التقسيم الفرعي العام Political and social views.
9 (RLIN) 8090
650 #0 - المدخل الاضافى بالموضوع-مصطلح موضوعى
مصطلح موضوعي أو اسم جغرافي كعنصر مدخل Literature and society
التقسيم الفرعي الجغرافي Great Britain
التقسيم الفرعي العام History
التقسيم الفرعي الزمني 19th century.
9 (RLIN) 7893
650 #0 - المدخل الاضافى بالموضوع-مصطلح موضوعى
مصطلح موضوعي أو اسم جغرافي كعنصر مدخل Authors, Irish
التقسيم الفرعي الزمني 19th century
التقسيم الفرعي الشكلي Biography.
9 (RLIN) 8091
830 #0 - المدخل الاضافى بالسلسلة -عنوان موحد
عنوان موحد Oxford world's classics (Oxford University Press).
اسم جزء/قسم العمل Authors in context.
9 (RLIN) 8044
942 ## - عناصر المدخل الإضافي( كوها)
مصدر التصنيف او مخطط الترفيف Dewey Decimal Classification
Koha [default] item type DVD
المقتنيات
حالة الفقد نموذج السعر الفعال حالة تلف ليس للاعارة رقم الطلب تاريخ الاكتساب الموقع الحالي الباركود الفرع الرئيسي Date last seen نوع المادة فى نظام كوها مصدر التصنيف او خطة الترفيف Total Checkouts
  2013-03-10     828.809 S J O 2011-12-13 قسم الاجراءات الفنية (IC) 00100704 قسم الاجراءات الفنية (IC) 2013-03-10 كتاب Dewey Decimal Classification  
  2013-03-10     828.809 S J O 2011-12-13 قسم الاجراءات الفنية (IC) 00100705 قسم الاجراءات الفنية (IC) 2013-03-10 كتاب Dewey Decimal Classification